The daughters of Cain / (Запис № 486666)
[ простий вигляд ]
| 000 -LEADER | |
|---|---|
| fixed length control field | 01313cam a2200313M 4500 |
| 001 - CONTROL NUMBER | |
| control field | daughtersofcain00dext |
| 003 - CONTROL NUMBER IDENTIFIER | |
| control field | CaSfIA |
| 005 - DATE AND TIME OF LATEST TRANSACTION | |
| control field | 20210118001045.0 |
| 007 - PHYSICAL DESCRIPTION FIXED FIELD--GENERAL INFORMATION | |
| fixed length control field | cr|||| |
| 008 - FIXED-LENGTH DATA ELEMENTS--GENERAL INFORMATION | |
| fixed length control field | 950405s1994 nyua 000 1 eng d |
| 040 ## - CATALOGING SOURCE | |
| Original cataloging agency | BNY |
| Transcribing agency | BNY |
| Modifying agency | BYP |
| -- | CaSfIA |
| 020 ## - INTERNATIONAL STANDARD BOOK NUMBER | |
| International Standard Book Number | 0708988695 : |
| 020 ## - INTERNATIONAL STANDARD BOOK NUMBER | |
| International Standard Book Number | 9780708988695 |
| 020 ## - INTERNATIONAL STANDARD BOOK NUMBER | |
| International Standard Book Number | 0804113645 (pbk.) : |
| 020 ## - INTERNATIONAL STANDARD BOOK NUMBER | |
| International Standard Book Number | 9780804113649 (pbk.) |
| 035 ## - SYSTEM CONTROL NUMBER | |
| System control number | (OCoLC)317544834 |
| 050 #4 - LIBRARY OF CONGRESS CALL NUMBER | |
| Classification number | PR6054.E96 |
| Item number | D3 1995 |
| 100 1# - MAIN ENTRY--PERSONAL NAME | |
| Personal name | Dexter, Colin. |
| 245 14 - TITLE STATEMENT | |
| Title | The daughters of Cain / |
| Medium | [electronic resource] |
| Statement of responsibility, etc | Colin Dexter. |
| 260 ## - PUBLICATION, DISTRIBUTION, ETC. (IMPRINT) | |
| Place of publication, distribution, etc | New York : |
| Name of publisher, distributor, etc | Crown, |
| Date of publication, distribution, etc | c1994. |
| 300 ## - PHYSICAL DESCRIPTION | |
| Extent | 423 p. ; |
| Dimensions | 23 cm. |
| 500 ## - GENERAL NOTE | |
| General note | Published also by Ivy Books. |
| 506 ## - RESTRICTIONS ON ACCESS NOTE | |
| Standardized terminology for access restriction | Необхідна авторизація на https://archive.org/ (створення облікового запису безкоштовно) |
| 506 ## - RESTRICTIONS ON ACCESS NOTE | |
| Standardized terminology for access restriction | Необхідна авторизація на https://openlibrary.org/ (створення облікового запису безкоштовно) |
| 650 #0 - SUBJECT ADDED ENTRY--TOPICAL TERM | |
| Topical term or geographic name as entry element | Morse, Inspector (Fictitious character) |
| General subdivision | Fiction. |
| 856 41 - ELECTRONIC LOCATION AND ACCESS | |
| Uniform Resource Identifier | <a href="http://www.archive.org/details/daughtersofcain00dext">http://www.archive.org/details/daughtersofcain00dext</a> |
| Public note | Free eBook from the Internet Archive |
| 856 42 - ELECTRONIC LOCATION AND ACCESS | |
| Uniform Resource Identifier | <a href="http://www.openlibrary.org/books/OL9832080M">http://www.openlibrary.org/books/OL9832080M</a> |
| Public note | Additional information and access via Open Library |
| 942 ## - ADDED ENTRY ELEMENTS (KOHA) | |
| Koha item type | ЕКнига |
Немає доступних примірників.